000 00442nam a2200157Ia 4500
003 GCL
008 140319s9999 xx 000 0 eng d
040 _aGCL /
_cGCL
082 0 4 _a004.65
_bC N
100 1 _aSHERYL CURRID & COMPANY
245 1 0 _aNETWORKING WITH WINDOWS FOR WORKGROUPS /
_cSHERYL CURRID & COMPANY
260 _a[S.N] :
_bSYBEX INC. ،
_c1993
650 0 4 _aWINDOWS PROGRAM
650 0 4 _aCOMPUTER - NETWORKS
942 _2ddc
_cBK
999 _c10623
_d10623